LEADER 00858cam0 22002651 450 001 SOBE00017008 005 20210902084803.0 100 $a20110804d1958 |||||ita|0103 ba 101 $aeng 102 $aGB 200 1 $aSir Walter Scott$fIan Jack 210 $aLondon$cLongmans, Green & Co.$d1958 215 $a40 p.$d21 cm 225 2 $aWriters and their work$v103 410 1$1001LAEC00016692$12001 $a*Writers and their work$v103 700 1$aJack$b, Ian$3AF00012926$4070$0167682 801 0$aIT$bUNISOB$c20210902$gRICA 850 $aUNISOB 852 $aUNISOB$j820|Coll|1|K$m7183 912 $aSOBE00017008 940 $aM 102 Monografia moderna SBN 941 $aM 957 $a820|Coll|1|K$b000074$gSI$d7183$racquisto$tN$1garofalo$2UNISOB$3UNISOB$420110804084825.0$520210902084803.0$6Spinosa 996 $aSir Walter Scott$9166128 997 $aUNISOB LEADER 01934nam2 22004813i 450 001 VAN00297976 005 20260317102856.545 017 70$2N$a9783034889360 100 $a20250909d1998 |0itac50 ba 101 $aeng 102 $aCH 105 $a|||| ||||| 181 $ai$b e 182 $ab 183 $acr 200 0 $a2$fGabriele A. Losa ... [et a.] editors 210 $aBasel$cBirkhäuser$cSpringer$d1998 215 $aviii, 369 p.$cill.$d24 cm 410 1$1001VAN00292088$12001 $aMathematics and Biosciences in Interaction$1210 $aBasel$cBirkhäuser$d1994-2011. 461 1$1001VAN00297975$12001 $aFractals in Biology and Medicine$fT. F. Nonnenmacher, G. A. Losa, E. R. Weibel Editors$1210 $aBasel$cSpringer$cBirkhäuser$1215 $avolumi$cill.$d24 cm$v2 606 $a28A80$xFractals [MSC 2020]$3VANC020040$2MF 606 $a92-XX$xBiology and other natural sciences [MSC 2020]$3VANC020839$2MF 610 $aBiology$9KW:K 610 $aCancer$9KW:K 610 $aCells$9KW:K 610 $aDynamics$9KW:K 610 $aFractal Geometry$9KW:K 610 $aImage Analysis$9KW:K 610 $aLymphocytes$9KW:K 610 $aMembranes$9KW:K 610 $aPopulation$9KW:K 620 $aCH$dBasel$3VANL002076 702 1$aLosa$bGabriele A.$3VANV247731$4340 712 $aBirkhäuser $3VANV108193$4650 712 $aSpringer $3VANV108073$4650 801 $aIT$bSOL$c20260320$gRICA 856 4 $uhttps://doi.org/10.1007/978-3-0348-8936-0$zE-book ? Accesso al full-text attraverso riconoscimento IP di Ateneo, proxy e/o Shibboleth 899 $aBIBLIOTECA DEL DIPARTIMENTO DI MATEMATICA E FISICA$1IT-CE0120$2VAN08 912 $fN 912 $aVAN00297976 950 $aBIBLIOTECA DEL DIPARTIMENTO DI MATEMATICA E FISICA$d08DLOAD e-Book 12597 $e08eMF12597 20251016 996 $a2$961340 997 $aUNICAMPANIA